000 00896nam a2200253Ia 4500
003 OSt
005 20220923215145.0
006 a|||||r|||| 00| 0
007 ta
008 220922b |||||||| |||| 00| 0 hin d
024 _a176,123
037 _cTextual
040 _aARTS
_cARTS
_bhin
041 _2hin
_ahin
082 _aO152,1x, M4
100 _aवशिष्ठ, विश्रान्त, संपा.
245 0 _aतामिलनाडु की हिन्दी कविता
246 _aTāmilanāḍu kī hindī kavitā
260 _aनई दिल्ली
_b इतिहास शोध संस्थान
_c1984
300 _a95 पृ.
_ccm.
650 _aहिन्दी साहित्य
_9156264
942 _hO152,1x, M4
_cTEXL
_2CC
999 _c329742
_d329742